নির্বাচিত সায়েন্স ফিকশন / (Record no. 10868)
[ view plain ]
| 000 -LEADER | |
|---|---|
| fixed length control field | 00699nam a2200229 a 4500 |
| 001 - CONTROL NUMBER | |
| JCCL Control Number | 10868 |
| 003 - CONTROL NUMBER IDENTIFIER | |
| JCCL marc code | BD-JhCC |
| 005 - DATE AND TIME OF LATEST TRANSACTION | |
| control field | 20221107134024.0 |
| 008 - FIXED-LENGTH DATA ELEMENTS--GENERAL INFORMATION | |
| fixed length control field | 190522b2018 bg |||| ||a| 000 0 ben d |
| 020 ## - INTERNATIONAL STANDARD BOOK NUMBER | |
| International Standard Book Number | 9789845261128 |
| 035 ## - SYSTEM CONTROL NUMBER | |
| system control number | (BD-JhCC)10868 |
| 040 ## - CATALOGING SOURCE | |
| Original cataloging agency | BD-JhCC |
| Modifying agency | BD-JhCC |
| 041 ## - LANGUAGE CODE | |
| Language code of Book | ben |
| 082 ## - DEWEY DECIMAL CLASSIFICATION NUMBER | |
| Classification number | 891.3 |
| Author mark and Year | AHM 2018 |
| 100 ## - MAIN ENTRY--PERSONAL NAME | |
| Personal name | মোশতাক, আহমেদ |
| 245 ## - TITLE STATEMENT | |
| Title | নির্বাচিত সায়েন্স ফিকশন / |
| Statement of responsibility, etc | মোশতাক আহমেদ । |
| 260 ## - PUBLICATION, DISTRIBUTION, ETC. (IMPRINT) | |
| Place of publication, distribution, etc | ঢাকা, |
| Name of publisher, distributor, etc | অনিন্দ্য প্রকাশ; |
| Date of publication, distribution, etc | 2018. |
| 300 ## - PHYSICAL DESCRIPTION | |
| Pagination | 511 p. : |
| Dimensions | 22 cm. |
| 650 ## - SUBJECT ADDED ENTRY--TOPICAL TERM | |
| Topical term or geographic name as entry element | Bengali fiction |
| 942 ## - ADDED ENTRY ELEMENTS (KOHA) | |
| Source of classification or shelving scheme | Dewey Decimal Classification |
| Koha item type | Books |
| Koha issues (borrowed), all copies | 17 |
| Source of classification or shelving scheme | Damaged status | Not for loan | Home library | Current library | Shelving location | Date of accession | Cost, normal purchase price | Total Checkouts | Full call number | Barcode | Date last seen | Date checked out | Copy number | Koha item type | Source of acquisition |
|---|---|---|---|---|---|---|---|---|---|---|---|---|---|---|---|
| Dewey Decimal Classification | JCC Rouf Library | JCC Rouf Library | General Stacks | 06/03/2019 | 650.00 | 10 | 891.3 AHM 2018 | 14789 | 06/03/2024 | 05/13/2024 | C-1 | Books | |||
| Dewey Decimal Classification | JCC Rouf Library | JCC Rouf Library | General Stacks | 11/21/2020 | 488.00 | 4 | 891.3 AHM 2018 | 16306 | 08/13/2023 | 08/06/2023 | C-2 | Books | Lt. Gen. Mahfuzur Rahman (10th intake) |